| 000 | 00660nam a2200229Ia 4500 | ||
|---|---|---|---|
| 003 | OSt | ||
| 005 | 20220928150056.0 | ||
| 006 | a|||||r|||| 00| 0 | ||
| 007 | ta | ||
| 008 | 220927b |||||||| |||| 00| 0 eng d | ||
| 024 | _a87239 | ||
| 037 | _cTextual | ||
| 040 |
_aSDCL _cSDCL _beng |
||
| 041 |
_2eng _aeng |
||
| 082 | _aO-973:g(T:3), N8 | ||
| 100 | _aGraham Maryemma Ed. | ||
| 245 | 0 |
_aTeaching African American literature _b Theory and practice. |
|
| 260 | _c1998 | ||
| 700 |
_a Burke-Pineault Sharon Ed. _9515154 |
||
| 942 |
_hO-973:g(T:3), N8 _cTEXL _2CC |
||
| 999 |
_c839243 _d839243 |
||